000 00684nam a2200229 i 4500
001 99076
003 ES-MaACL
005 20230906182432.0
007 t|
008 051118s1983 pr ||||1| spa d
020 _a0-940238-69-1
080 _a821.134.2(729.5)-92"19"
080 _a32(729.5)"1952/..."
100 1 _aMojica, Aguedo.
_981825
245 1 0 _aAguedo Mojica
_b: la luminosa entrega /
_cedición de Luis Mojica Sandoz.
250 _a1ª ed.
260 _a[S.l.] :
_bHuracán,
_c1983.
300 _a329 p. :
_bil. ;
_c23 cm.
651 _aPuerto Rico-
_xPolítica y gobierno.
_99287
700 1 _aMojica Sandoz, Luis.
_981828
852 _aES-MaACL
_jE-11046
_bR.136747
999 _c99076
_d99076